| 000 | 00982 a2200205 4500 | ||
|---|---|---|---|
| 003 | Nust | ||
| 005 | 20230119155005.0 | ||
| 010 | _a 83021590 | ||
| 020 | _a0471887617 : | ||
| 040 | _cNust | ||
| 082 | 0 | 0 | _a660.28072,DAV |
| 100 | 1 |
_aDavis, Mark E. _9107152 |
|
| 245 | 1 | 0 |
_aNumerical methods and modeling for chemical engineers / _cMark E. Davis. |
| 260 |
_aNew York : _bWiley, _cc1984. |
||
| 300 |
_axii, 258 p. : _bill. ; _c24 cm. |
||
| 505 | _aInitial-Value Problems for Ordinary Differential Equations (Page-1), Boundary Value Problems for Ordinary Differential Equations Discrete Variable Methods (Page-53), Boundary- Value Problems for Ordinary Differential Equations Finite Variable Methods (Page-97), Parabolic Partial Differential Equations in one Space Variable (Page-127), Partial Differential Equations in two Space Variables (Page-177). | ||
| 650 | 0 |
_aChemical engineering _xMathematical models. _9107153 |
|
| 650 | 0 |
_aDifferential equations. _9688 |
|
| 942 |
_2ddc _cBK |
||
| 999 |
_c185009 _d185009 |
||